Europe: That Doesn't Border Italy! Quiz Stats

 Plays Quiz Updated Feb 13, 2019

Support Sporcle.
Go Orange.
Score 0/41 Timer 05:00
0 Plays Today
Hint Country % Correct
???
86.7%
???
77.8%
???
77.5%
???
77.2%
???
77.2%
???
76.3%
???
74.9%
???
73.5%
???
71%
???
69.9%
???
69.7%
???
68.3%
???
67.6%
???
67.6%
???
67.2%
???
66.8%
???
66.7%
???
66.3%
???
63.9%
???
62.3%
???
61.6%
Hint Country % Correct
???
60.8%
???
60.3%
???
59.7%
???
58.5%
???
58.4%
???
58.1%
???
57.9%
???
57.9%
???
57.2%
???
57.1%
???
56.2%
The Italian Job's not done yet...???
55.4%
???
55.1%
???
55%
???
53.3%
???
53%
???
52.3%
???
52.1%
???
51.1%
???
49.4%

From the Vault

EU Countries by Population

by citkeane

Here's one quiz where you can only guess Kyrgyzstan for old times sake.
Remove Ads.
Support Sporcle.
Get the best of Sporcle when you Go Orange. This ad-free experience offers more features, more stats, and more fun while also helping to support Sporcle. Thank you for becoming a member.

Show Comments

Extras

Top Quizzes Today


Score Distribution

Your Account Isn't Verified!

In order to create a playlist on Sporcle, you need to verify the email address you used during registration. Go to your Sporcle Settings to finish the process.

Report this User

Report this user for behavior that violates our Community Guidelines.

Details: